[Event "International Tournament "]
[Site "Paracin, Pool "]
[Date "2019.07.09"]
[Round "5.31"]
[White "Kecskemeti, Arpad"]
[Black "Tan, Justin"]
[Result "0-1"]
[WhiteElo "2230"]
[BlackElo "2513"]
[PlyCount "94"]
[EventDate "2019.07.05"]

1. e4 e5 2. Nf3 Nc6 3. d4 exd4 4. Nxd4 Bc5 5. Nb3 Bb6 6. Nc3 Nf6 7. Bg5 h6 8.
Bh4 Qe7 9. Qe2 g5 10. Bg3 d6 11. O-O-O Bd7 12. f3 Ne5 13. h4 O-O-O 14. Bf2 Ng6
15. Bxb6 axb6 16. hxg5 hxg5 17. Rxh8 Rxh8 18. Nd4 Qe5 19. Qc4 Be8 20. Ndb5 Qc5
21. Qa4 Bc6 22. Bc4 Rf8 23. Bd5 Kd7 24. Rd4 Ne5 25. a3 Rh8 26. Rd1 Rh2 27. Kb1
Rxg2 28. Bxc6+ bxc6 29. Nd4 Qa5 30. Qb3 Qa6 31. Nxc6 Kxc6 32. Nd5 Qc4 33. Qxc4+
Nxc4 34. Nxf6 Rf2 35. b3 Nd2+ 36. Kb2 Nxf3 37. Rd3 Nd4 38. Nd5 Ne6 39. b4 Kd7
40. a4 Nf4 41. Rg3 Nxd5 42. exd5 f6 43. a5 bxa5 44. bxa5 Kc8 45. Rb3 Rf4 46.
Ka3 Rc4 47. Rb5 Rc5 0-1

[Event "International Tournament "]
[Site "Paracin, Pool "]
[Date "2019.07.09"]
[Round "5.32"]
[White "Pikula, Dejan"]
[Black "Sahin, Ozgun"]
[Result "1-0"]
[WhiteElo "2447"]
[BlackElo "2214"]
[PlyCount "73"]
[EventDate "2019.07.05"]

1. d4 d5 2. Nf3 Nf6 3. e3 c5 4. Bd3 Nc6 5. c3 e6 6. Nbd2 Bd6 7. O-O O-O 8. dxc5
Bxc5 9. b4 Bd6 10. Bb2 e5 11. e4 dxe4 12. Nxe4 Nxe4 13. Bxe4 f5 14. Bd5+ Kh8
15. b5 Ne7 16. c4 Ng6 17. c5 Bxc5 18. Nxe5 Nxe5 19. Bxe5 Qb6 20. Qb3 Re8 21.
Qg3 Bf8 22. a4 Qc5 23. Rfe1 Be6 24. Bxb7 Rad8 25. Bc6 Bd7 26. Rac1 Qb4 27. Qc3
Bxc6 28. bxc6 Qxa4 29. c7 Rc8 30. f4 a5 31. Red1 Qb4 32. Qc6 Kg8 33. Qd5+ Kh8
34. Kh1 a4 35. Rb1 Qc5 36. Qxc5 Bxc5 37. Rb8 1-0

[Event "International Tournament "]
[Site "Paracin, Pool "]
[Date "2019.07.09"]
[Round "5.33"]
[White "Arsovic, Zoran"]
[Black "Manish, Anto Cristiano F"]
[Result "1/2-1/2"]
[WhiteElo "2398"]
[BlackElo "2208"]
[PlyCount "58"]
[EventDate "2019.07.05"]

1. Nf3 d5 2. g3 c5 3. c4 e6 4. Bg2 dxc4 5. Na3 c3 6. bxc3 Nf6 7. O-O Be7 8. Nc4
O-O 9. Rb1 Qc7 10. d3 Nc6 11. Bf4 Qd8 12. Qb3 Nd5 13. Bd2 b6 14. Nfe5 Nxe5 15.
Nxe5 Qc7 16. Nxf7 Rxf7 17. c4 Bb7 18. cxd5 exd5 19. Bxd5 Bxd5 20. Qxd5 Rd8 21.
Qg2 c4 22. Rbc1 Qe5 23. Be3 cxd3 24. exd3 Rxd3 25. Rfd1 Rxd1+ 26. Rxd1 h6 27.
Qc6 Bg5 28. Bxg5 Qxg5 29. h4 Qf6 1/2-1/2

[Event "International Tournament "]
[Site "Paracin, Pool "]
[Date "2019.07.09"]
[Round "5.34"]
[White "Nie, Xinyang"]
[Black "Uzumcu, Ahmet Utku"]
[Result "1-0"]
[WhiteElo "2375"]
[BlackElo "2201"]
[PlyCount "99"]
[EventDate "2019.07.05"]

1. Nf3 Nf6 2. c4 c6 3. d4 d5 4. cxd5 cxd5 5. Nc3 Nc6 6. Bf4 Bf5 7. e3 e6 8. Qb3
Bb4 9. Bb5 O-O 10. O-O Bxc3 11. Qxc3 Ne4 12. Qa3 g5 13. Bg3 f6 14. Rfc1 Qb6 15.
Bxc6 bxc6 16. Bd6 Nxd6 17. Qxd6 Qxb2 18. h3 Rfe8 19. Qxc6 Qb6 20. Qa4 Rec8 21.
Qd7 Qd8 22. Qb7 Rcb8 23. Qc6 Rc8 24. Qb7 Rcb8 25. Qa6 Qb6 26. Qa3 Rc8 27. Qe7
Rxc1+ 28. Rxc1 Qd8 29. Qb7 Qb8 30. Qa6 Qb6 31. Qa4 Rd8 32. Nd2 h5 33. Nb3 g4
34. h4 Qb7 35. Rc6 g3 36. fxg3 Kh8 37. Qa5 Rc8 38. Rxc8+ Qxc8 39. Nc5 Qb8 40.
Kh2 Kg7 41. Qa4 Qc7 42. Qe8 Qf7 43. Qa8 Qe7 44. a4 e5 45. a5 Bg4 46. a6 Be2 47.
Qb7 Qf7 48. Qb2 Bc4 49. dxe5 Qe7 50. Qb7 1-0

[Event "International Tournament "]
[Site "Paracin, Pool "]
[Date "2019.07.09"]
[Round "5.35"]
[White "O`donnell, Conor"]
[Black "Pantic, Ivica"]
[Result "1-0"]
[WhiteElo "2341"]
[BlackElo "2184"]
[PlyCount "97"]
[EventDate "2019.07.05"]

1. c4 f5 2. Nf3 Nf6 3. g3 d6 4. d4 g6 5. Bg2 Bg7 6. O-O O-O 7. Nc3 c6 8. Rb1
Qe8 9. Re1 Qf7 10. b3 Ne4 11. Bb2 d5 12. e3 h6 13. cxd5 cxd5 14. Ne5 Qe6 15.
Nd3 g5 16. b4 Kh7 17. b5 a5 18. Rc1 b6 19. Re2 Nd7 20. Na4 Bb7 21. Rc7 Rab8 22.
Ba3 Nd6 23. Bxd6 Qxd6 24. Rec2 Rfc8 25. Qc1 Nf8 26. R2c6 Bxc6 27. Rxc6 Qd7 28.
Nxb6 Qa7 29. Qc5 e6 30. a4 Kg8 31. h4 Re8 32. hxg5 hxg5 33. Ne5 Kh8 34. Nbd7
Qxc5 35. dxc5 Nxd7 36. Nxd7 Rb7 37. Rd6 Bc3 38. c6 Bb4 39. Rxe6 Rxe6 40. cxb7
Bd6 41. b8=Q+ Bxb8 42. Nxb8 Rd6 43. Nc6 Kg7 44. Ne7 Kf6 45. Nxd5+ Ke6 46. b6
Rd7 47. b7 Rd8 48. Nc7+ Ke7 49. Na6 1-0

[Event "International Tournament "]
[Site "Paracin, Pool "]
[Date "2019.07.09"]
[Round "5.36"]
[White "Audi, Ameya"]
[Black "Djukic, Sandra"]
[Result "1-0"]
[WhiteElo "2328"]
[BlackElo "2153"]
[PlyCount "33"]
[EventDate "2019.07.05"]

1. e4 d6 2. d4 Nf6 3. Nc3 e5 4. Nf3 Nbd7 5. Bc4 Be7 6. a4 c6 7. O-O O-O 8. Ba2
b6 9. Qe2 Ne8 10. Rd1 Bf6 11. h3 Qe7 12. Be3 Nc7 13. Qd2 Na6 14. Bc4 Nb4 15. a5
c5 16. d5 Ba6 17. Nb5 1-0

[Event "International Tournament "]
[Site "Paracin, Pool "]
[Date "2019.07.09"]
[Round "5.37"]
[White "Krasteva, Beloslava"]
[Black "Iskos, Alexandros"]
[Result "1-0"]
[WhiteElo "2327"]
[BlackElo "2151"]
[PlyCount "79"]
[EventDate "2019.07.05"]

1. d4 f5 2. Bg5 h6 3. Bh4 g5 4. e3 Nf6 5. Bg3 d6 6. Bd3 Bg7 7. c3 e6 8. f3 Qe7
9. Qc2 Nc6 10. Ne2 Bd7 11. Nd2 O-O-O 12. O-O-O Rhf8 13. Rhe1 h5 14. e4 fxe4 15.
Nxe4 Nxe4 16. Bxe4 h4 17. Bf2 d5 18. Bd3 Qd6 19. f4 gxf4 20. Bxh4 Bf6 21. Bxf6
Rxf6 22. Ng1 e5 23. dxe5 Nxe5 24. Be2 Rg8 25. Bf3 c6 26. Qf2 Kb8 27. Rd4 Nc4
28. Ne2 Re8 29. Red1 b5 30. Bxd5 cxd5 31. Rxd5 Qb6 32. Nd4 Bc6 33. Nxc6+ Qxc6
34. Qd4 Ne3 35. Rd8+ Rxd8 36. Qxd8+ Kb7 37. Rd7+ Ka6 38. Qe7 Qb6 39. Qa3+ Qa5
40. Rxa7+ 1-0

[Event "International Tournament "]
[Site "Paracin, Pool "]
[Date "2019.07.09"]
[Round "5.38"]
[White "Banovic, Ivan"]
[Black "Konaplev, Anton"]
[Result "1/2-1/2"]
[WhiteElo "2227"]
[BlackElo "2314"]
[PlyCount "85"]
[EventDate "2019.07.05"]

1. d4 Nf6 2. Nf3 d5 3. Bf4 e6 4. e3 Bd6 5. Bg3 b6 6. Nbd2 Bb7 7. Ne5 O-O 8. Bd3
c5 9. c3 Nc6 10. Nxc6 Bxc6 11. O-O Bxg3 12. hxg3 Qd6 13. Nf3 Rfd8 14. Qe2 Rab8
15. Ne5 Be8 16. g4 Nd7 17. Nxd7 Bxd7 18. Rad1 e5 19. dxe5 Qxe5 20. Qf3 h6 21.
g3 b5 22. Be2 Bc6 23. Qf4 Qe7 24. Bf3 Rb6 25. Bg2 Bb7 26. e4 dxe4 27. Rxd8+
Qxd8 28. Re1 Re6 29. Bxe4 Qe8 30. f3 Bxe4 31. Rxe4 Rxe4 32. fxe4 Qd8 33. Kf2 b4
34. Ke2 bxc3 35. bxc3 Qb6 36. Qd2 Qe6 37. Kf3 Qf6+ 38. Kg2 a5 39. a4 c4 40. Qd7
Qxc3 41. Qc8+ Kh7 42. Qf5+ Kg8 43. Qc8+ 1/2-1/2

[Event "International Tournament "]
[Site "Paracin, Pool "]
[Date "2019.07.09"]
[Round "5.39"]
[White "Sapale, Saloni"]
[Black "Milosevic, Milos"]
[Result "0-1"]
[WhiteElo "2151"]
[BlackElo "2312"]
[PlyCount "70"]
[EventDate "2019.07.05"]

1. e4 e6 2. d4 d5 3. Nc3 Nf6 4. Bg5 Bb4 5. e5 h6 6. Be3 Ne4 7. Qg4 g6 8. a3 Ba5
9. Bd3 h5 10. Qf3 Nxc3 11. Bd2 c5 12. bxc3 Nc6 13. Qe3 c4 14. Be2 Ne7 15. f3
Nf5 16. Qf2 Qb6 17. g4 Qb2 18. Rd1 Ne7 19. Qe3 Bd7 20. Nh3 O-O-O 21. O-O Qxc2
22. Ng5 Rdf8 23. a4 Qxa4 24. Ra1 Qb5 25. Rfb1 Qa6 26. Bc1 f6 27. Ba3 fxg5 28.
Bxe7 Rf7 29. Bb4 b6 30. Qxg5 hxg4 31. fxg4 Rfh7 32. Bf3 Rxh2 33. Qe7 Bxb4 34.
Qxd7+ Kxd7 35. Rxa6 Bxc3 0-1

[Event "International Tournament "]
[Site "Paracin, Pool "]
[Date "2019.07.09"]
[Round "5.40"]
[White "Dedebas, Emre Emin"]
[Black "Dimitrijevic, Nenad"]
[Result "1/2-1/2"]
[WhiteElo "2301"]
[BlackElo "2150"]
[PlyCount "65"]
[EventDate "2019.07.05"]

1. d4 e6 2. c4 Bb4+ 3. Bd2 a5 4. Nf3 Nf6 5. g3 b6 6. Bg2 Bb7 7. O-O O-O 8. Bf4
Be7 9. Qc2 Be4 10. Qc1 Qc8 11. Nc3 Bb7 12. Qc2 d6 13. e4 Nc6 14. Rfe1 Re8 15.
Rad1 Nh5 16. Be3 e5 17. Nd5 exd4 18. Nxd4 Nxd4 19. Bxd4 Bxd5 20. cxd5 Bf6 21.
Be3 Qd7 22. Bf3 g6 23. Bxh5 gxh5 24. Bd4 Be5 25. Bxe5 Rxe5 26. Rc1 Rae8 27.
Qxc7 Qxc7 28. Rxc7 Rxd5 29. Rcc1 Rde5 30. Red1 Rxe4 31. Rxd6 R8e6 32. Rd5 R4e5
33. Rcd1 1/2-1/2

[Event "International Tournament "]
[Site "Paracin, Pool "]
[Date "2019.07.09"]
[Round "5.41"]
[White "Ozkan, Taha"]
[Black "Colovic, Dusan"]
[Result "1-0"]
[WhiteElo "2140"]
[BlackElo "2297"]
[PlyCount "115"]
[EventDate "2019.07.05"]

1. d4 d6 2. c4 e5 3. d5 g6 4. e4 Bh6 5. Bxh6 Nxh6 6. Qd2 Qh4 7. Nc3 Ng4 8. g3
Qh6 9. Qxh6 Nxh6 10. f4 Nd7 11. Nf3 a6 12. fxe5 Nxe5 13. Nxe5 dxe5 14. c5 f5
15. Bd3 Bd7 16. O-O O-O 17. b4 Rae8 18. a4 f4 19. Be2 Bg4 20. Kg2 Bxe2 21. Nxe2
Ng4 22. gxf4 Ne3+ 23. Kg3 Nxf1+ 24. Rxf1 g5 25. f5 Kf7 26. h3 Rg8 27. Nc3 g4
28. h4 h5 29. Rb1 Ra8 30. Nd1 Kf6 31. Ne3 Rgd8 32. Rc1 Rab8 33. Rd1 c6 34. a5
Rd7 35. d6 Rbd8 36. Nc4 Rh7 37. Nb6 Rh6 38. d7 Ke7 39. Rd2 Rf6 40. Rd3 Rh6 41.
Rd1 Rf6 42. Rd2 Rh6 43. Rd3 Rf6 44. Nc4 Rxd7 45. Rxd7+ Kxd7 46. Nxe5+ Ke8 47.
Nc4 Rf8 48. Nd6+ Ke7 49. e5 Rg8 50. e6 Kf6 51. Kf4 g3 52. Ne4+ Ke7 53. Ke5 g2
54. f6+ Kd8 55. e7+ Kd7 56. f7 g1=Q 57. fxg8=Q Qa1+ 58. Kf5 1-0

[Event "International Tournament "]
[Site "Paracin, Pool "]
[Date "2019.07.09"]
[Round "5.42"]
[White "Jocev, Milan"]
[Black "Mammadov, Mustafa"]
[Result "1/2-1/2"]
[WhiteElo "2297"]
[BlackElo "2005"]
[PlyCount "96"]
[EventDate "2019.07.05"]

1. d4 Nf6 2. Bg5 d5 3. Bxf6 exf6 4. e3 Bd6 5. g3 O-O 6. Bg2 c6 7. Nd2 Re8 8.
Ne2 Nd7 9. O-O f5 10. c4 dxc4 11. Nxc4 Bc7 12. d5 cxd5 13. Qxd5 Ne5 14. Rfd1
Qxd5 15. Bxd5 Be6 16. Rac1 Rad8 17. Bxe6 fxe6 18. Rxd8 Rxd8 19. Nd4 Kf7 20.
Nxe5+ Bxe5 21. Nf3 Bd6 22. Kf1 Kf6 23. Ke2 g5 24. h3 h5 25. Rc4 g4 26. hxg4
hxg4 27. Ne1 Rd7 28. Nd3 Rc7 29. Rxc7 Bxc7 30. Kd2 Ke7 31. Kc3 Kd6 32. Kc4 a6
33. a4 Kc6 34. Nb4+ Kd6 35. b3 e5 36. Nc2 Kc6 37. Kd3 Kd5 38. Ne1 b5 39. axb5
axb5 40. Ng2 Ba5 41. Nh4 Ke6 42. e4 f4 43. Nf5 Bb6 44. Ke2 f3+ 45. Ke1 Kf6 46.
Nd6 b4 47. Nc4 Bd4 48. Kf1 Ke6 1/2-1/2

[Event "International Tournament "]
[Site "Paracin, Pool "]
[Date "2019.07.09"]
[Round "5.43"]
[White "Tyurin, Artem"]
[Black "Boldoo, Erdenepurev"]
[Result "0-1"]
[WhiteElo "2107"]
[BlackElo "2295"]
[PlyCount "48"]
[EventDate "2019.07.05"]

1. e4 c5 2. d3 e6 3. f4 d5 4. Be2 b6 5. c3 Bb7 6. Nd2 c4 7. d4 dxe4 8. Nxc4 Nf6
9. Ne3 Bd6 10. Bb5+ Nbd7 11. Ne2 a6 12. Ba4 O-O 13. O-O b5 14. Bc2 Nb6 15. Ng3
Qc7 16. Qe2 Nbd5 17. Nxd5 exd5 18. Nf5 b4 19. Nxd6 Qxd6 20. f5 bxc3 21. bxc3 a5
22. Rf4 Rfe8 23. Qe1 Ra6 24. Rb1 Rb6 0-1

[Event "International Tournament "]
[Site "Paracin, Pool "]
[Date "2019.07.09"]
[Round "5.44"]
[White "Raghavi, N."]
[Black "Nakahara, Kan"]
[Result "1-0"]
[WhiteElo "2290"]
[BlackElo "1958"]
[PlyCount "99"]
[EventDate "2019.07.05"]

1. e4 e6 2. d3 d5 3. Nd2 c5 4. g3 Nc6 5. Bg2 Nf6 6. Ne2 h5 7. h4 Ng4 8. exd5
exd5 9. Nf4 Be6 10. Nxe6 fxe6 11. Nf3 Qd7 12. Bh3 O-O-O 13. Bxg4 hxg4 14. Nh2
Bd6 15. Nxg4 Qc7 16. Be3 Qb6 17. Rb1 Qc7 18. c3 Rdf8 19. Qe2 d4 20. Bg5 dxc3
21. bxc3 Ne5 22. Nxe5 Bxe5 23. O-O Kb8 24. Bd2 Bd6 25. Qxe6 Rh5 26. Bg5 Be7 27.
Qg6 Rhh8 28. Qxg7 Bxg5 29. Qxc7+ Kxc7 30. hxg5 Rf3 31. d4 Rxc3 32. dxc5 Rg8 33.
Rfe1 Rxg5 34. Re6 Rg7 35. Rbe1 Kd7 36. R6e5 Kc6 37. R1e2 a5 38. Re7 Rg6 39.
R7e6+ Rxe6 40. Rxe6+ Kxc5 41. g4 b5 42. g5 Rd3 43. g6 Kb4 44. g7 Rd8 45. f4 Ka3
46. f5 Kxa2 47. f6 Rg8 48. Re2+ Kb1 49. Rg2 a4 50. f7 1-0

[Event "International Tournament "]
[Site "Paracin, Pool "]
[Date "2019.07.09"]
[Round "5.45"]
[White "Ozsoy, Alimert"]
[Black "Pantelic, Sasa"]
[Result "1-0"]
[WhiteElo "2087"]
[BlackElo "2289"]
[PlyCount "111"]
[EventDate "2019.07.05"]

1. e4 d6 2. d4 Nd7 3. Nf3 Ngf6 4. Nc3 e5 5. Bc4 Be7 6. O-O O-O 7. a4 a5 8. Re1
c6 9. h3 Qc7 10. Bg5 Re8 11. Qd2 Nf8 12. Rad1 Ng6 13. d5 c5 14. Nh4 Nxh4 15.
Bxh4 Nh5 16. Bxe7 Qxe7 17. Bf1 Nf4 18. Ne2 Nxe2+ 19. Qxe2 Bd7 20. Qc4 Reb8 21.
Qb3 Qe8 22. Bb5 Bxb5 23. axb5 Qd7 24. c4 Rf8 25. Qg3 Rae8 26. Qg4 f5 27. exf5
Rxf5 28. Re4 Ref8 29. f3 R8f6 30. Kh2 Qf7 31. Rde1 h5 32. Qh4 Kh7 33. R1e2 b6
34. b3 g5 35. Qe1 Rf4 36. Qg3 Qg6 37. Rxf4 Rxf4 38. Re4 Kh6 39. Rxf4 gxf4 40.
Qe1 Kg5 41. h4+ Kf6 42. Qe4 Qg3+ 43. Kg1 Qxh4 44. Qh7 Qe1+ 45. Kh2 Qg3+ 46. Kg1
Qg6 47. Qd7 Kg5 48. Qd8+ Qf6 49. Qxb6 e4 50. fxe4 f3 51. e5 Qxe5 52. Qd8+ Kg4
53. Qg8+ Kh4 54. g3+ Qxg3+ 55. Qxg3+ Kxg3 56. b6 1-0

[Event "International Tournament "]
[Site "Paracin, Pool "]
[Date "2019.07.09"]
[Round "5.46"]
[White "Peycheva, Gergana"]
[Black "Martic, Zlatko"]
[Result "1/2-1/2"]
[WhiteElo "2065"]
[BlackElo "2283"]
[PlyCount "54"]
[EventDate "2019.07.05"]

1. Nf3 Nf6 2. d4 c5 3. c4 g6 4. Nc3 Bg7 5. e4 cxd4 6. Nxd4 d6 7. Be2 O-O 8. Be3
Nc6 9. O-O Nxd4 10. Bxd4 Bd7 11. Qd2 Bc6 12. f3 a5 13. b3 Nd7 14. Be3 f5 15.
exf5 gxf5 16. Rac1 Qe8 17. a3 Nc5 18. Bd1 Qf7 19. b4 axb4 20. axb4 Na4 21. Bxa4
Bxa4 22. Nd5 Bc6 23. Nb6 Ra3 24. b5 Be8 25. Rfe1 Kh8 26. Re2 Rg8 27. Kh1 Be5
1/2-1/2

[Event "International Tournament "]
[Site "Paracin, Pool "]
[Date "2019.07.09"]
[Round "5.47"]
[White "Ivanovic, Marko"]
[Black "Kersten, Julian"]
[Result "1-0"]
[WhiteElo "2267"]
[BlackElo "1951"]
[PlyCount "125"]
[EventDate "2019.07.05"]

1. e4 e6 2. d4 d5 3. Nc3 Bb4 4. exd5 exd5 5. Bd3 Nc6 6. Be3 Nf6 7. h3 O-O 8.
Qf3 Re8 9. Nge2 Bxc3+ 10. bxc3 Ne4 11. c4 Nb4 12. O-O Be6 13. c5 h6 14. Rab1
Nxa2 15. Rb3 a5 16. c3 Nxc5 17. dxc5 d4 18. Bxd4 Bxb3 19. Nf4 Nb4 20. Qg4 Qg5
21. cxb4 Qxg4 22. hxg4 Rad8 23. Bb2 g5 24. Nh5 Rxd3 25. Nf6+ Kf8 26. Nxe8 Kxe8
27. bxa5 Rd2 28. Bc3 Rc2 29. c6 bxc6 30. Re1+ Be6 31. Bf6 Ra2 32. Rd1 Bd5 33.
Bc3 Ra3 34. Rd3 Be6 35. f3 c5 36. Kf2 c4 37. Re3 Kd7 38. Be1 Rb3 39. Ke2 Kc6
40. Bc3 Ra3 41. Kd1 Ra2 42. Re2 Ra3 43. Kd2 Kd5 44. Re5+ Kc6 45. g3 Rb3 46. Re1
Ra3 47. Rb1 Ra2+ 48. Ke3 Kd6 49. Rd1+ Kc6 50. Rh1 Kb5 51. Rb1+ Kc6 52. Rb8 Kd5
53. Bb4 c5 54. Rb5 Kc6 55. Rxc5+ Kb7 56. Rb5+ Ka6 57. Rb6+ Ka7 58. Kd4 Rf2 59.
Kc5 Rxf3 60. Kc6 c3 61. Bc5 c2 62. Rb7+ Ka6 63. Ra7# 1-0

[Event "International Tournament "]
[Site "Paracin, Pool "]
[Date "2019.07.09"]
[Round "5.48"]
[White "Shahil, Dey"]
[Black "Holland, James P"]
[Result "1-0"]
[WhiteElo "2037"]
[BlackElo "2263"]
[PlyCount "115"]
[EventDate "2019.07.05"]

1. e4 e5 2. Nf3 Nc6 3. d4 exd4 4. Nxd4 Nf6 5. Nxc6 bxc6 6. e5 Qe7 7. Qe2 Nd5 8.
c4 Nb6 9. Nc3 Ba6 10. b3 Qe6 11. Bb2 Bb4 12. O-O-O Bxc3 13. Bxc3 O-O 14. Qc2
Rfe8 15. f4 Qh6 16. g3 d5 17. c5 Bxf1 18. cxb6 Bh3 19. bxc7 Rac8 20. Ba5 Rxe5
21. Rhe1 Rxe1 22. Rxe1 Qd6 23. Kb2 h6 24. Rc1 Bd7 25. Qc5 Qxc5 26. Rxc5 Kf8 27.
Bb4 Kg8 28. Ra5 Rxc7 29. Bc5 Bf5 30. Kc3 f6 31. Rxa7 Rxa7 32. Bxa7 Kf7 33. Kd4
Ke6 34. Kc5 Kd7 35. a4 Bc2 36. Kb4 g5 37. Bd4 gxf4 38. gxf4 f5 39. a5 Bd3 40.
Bb6 h5 41. Kc5 Bf1 42. Kd4 Kd6 43. Bc5+ Ke6 44. Ba3 Kd7 45. Ke5 Bd3 46. Bc5 h4
47. h3 Bf1 48. Kxf5 Bxh3+ 49. Kg5 Bf1 50. Kxh4 Ke6 51. Kg5 Bd3 52. b4 Kf7 53.
f5 Ba6 54. Kf4 Kf6 55. Bd4+ Ke7 56. Ke5 Bd3 57. f6+ Kd7 58. Bc5 1-0

[Event "International Tournament "]
[Site "Paracin, Pool "]
[Date "2019.07.09"]
[Round "5.49"]
[White "Angun, Batu"]
[Black "Raahul, V S."]
[Result "1/2-1/2"]
[WhiteElo "2054"]
[BlackElo "2251"]
[PlyCount "41"]
[EventDate "2019.07.05"]

1. d4 Nf6 2. c4 g6 3. Nc3 Bg7 4. e4 d6 5. Nf3 O-O 6. Be2 e5 7. d5 a5 8. Bg5 h6
9. Bh4 Na6 10. Nd2 Nc5 11. O-O Qd7 12. b3 Nh7 13. a3 f5 14. f3 Qf7 15. b4 Nd7
16. Bf2 Ndf6 17. c5 Bd7 18. cxd6 cxd6 19. Nc4 axb4 20. axb4 Qe7 21. b5 1/2-1/2

[Event "International Tournament "]
[Site "Paracin, Pool "]
[Date "2019.07.09"]
[Round "5.50"]
[White "Strugnell, Carl"]
[Black "Nagare, Akhilesh"]
[Result "1/2-1/2"]
[WhiteElo "2248"]
[BlackElo "1928"]
[PlyCount "60"]
[EventDate "2019.07.05"]

1. e4 e6 2. d4 d5 3. Nc3 Bb4 4. e5 Qd7 5. a3 Bxc3+ 6. bxc3 b6 7. Qg4 f5 8. Qg3
Bb7 9. Nh3 Nc6 10. a4 O-O-O 11. Ba3 Na5 12. Bb4 Nc4 13. a5 Kb8 14. axb6 axb6
15. Nf4 Nh6 16. Be2 Rhg8 17. h4 Nf7 18. Nh3 g6 19. Ra2 h6 20. O-O g5 21. Bh5
gxh4 22. Qxh4 Ng5 23. Rfa1 Nxh3+ 24. Qxh3 Rg7 25. Qd3 Rdg8 26. Bf3 Qc6 27. Kf1
h5 28. Ke2 h4 29. Rh1 Rh8 30. Raa1 Rgh7 1/2-1/2

[Event "International Tournament "]
[Site "Paracin, Pool "]
[Date "2019.07.09"]
[Round "5.51"]
[White "Radosavljevic, Slobodan D"]
[Black "Tanishka, Kotia"]
[Result "1/2-1/2"]
[WhiteElo "2246"]
[BlackElo "1942"]
[PlyCount "63"]
[EventDate "2019.07.05"]

1. g3 d5 2. Bg2 Nf6 3. Nf3 e6 4. O-O Bd6 5. d3 O-O 6. c4 c6 7. Nc3 e5 8. cxd5
Nxd5 9. Nxd5 cxd5 10. Qb3 d4 11. Ng5 Nc6 12. f4 Be7 13. Nxf7 Rxf7 14. fxe5 Nxe5
15. Bf4 Ng4 16. Bc7 Qe8 17. Rxf7 Kh8 18. Raf1 Bf6 19. R7xf6 gxf6 20. Bf4 Qxe2
21. Qf7 Qe6 22. Qf8+ Qg8 23. Qxg8+ Kxg8 24. Rc1 Bf5 25. Bxb7 Re8 26. Bd5+ Kh8
27. h3 Ne5 28. Rc7 Nxd3 29. Bh6 Re1+ 30. Kg2 Re2+ 31. Kg1 Re1+ 32. Kg2 1/2-1/2

[Event "International Tournament "]
[Site "Paracin, Pool "]
[Date "2019.07.09"]
[Round "5.52"]
[White "Popovic, Aleksandar M"]
[Black "Munkhzul, Davaakhuu"]
[Result "0-1"]
[WhiteElo "2234"]
[BlackElo "1863"]
[PlyCount "58"]
[EventDate "2019.07.05"]

1. Nf3 Nf6 2. g3 e6 3. Bg2 Be7 4. O-O O-O 5. b3 d5 6. Bb2 c5 7. e3 Nbd7 8. c4
b6 9. Nc3 Bb7 10. d3 Qc7 11. Qe2 a6 12. cxd5 exd5 13. Rac1 b5 14. b4 c4 15. a3
Qb6 16. Nd4 Rfe8 17. Nf5 Bf8 18. Rfd1 a5 19. bxa5 Rxa5 20. Rb1 Nc5 21. dxc4
dxc4 22. Bxb7 Qxb7 23. a4 Qc8 24. Qf3 b4 25. Nb5 c3 26. Ba1 Nce4 27. Nfd6 Nxd6
28. Nxd6 Bxd6 29. Rxd6 Ne4 0-1

[Event "International Tournament "]
[Site "Paracin, Pool "]
[Date "2019.07.09"]
[Round "5.53"]
[White "Yerden, Huseyin Eren"]
[Black "Saksham, Rautela"]
[Result "1/2-1/2"]
[WhiteElo "1992"]
[BlackElo "2232"]
[PlyCount "32"]
[EventDate "2019.07.05"]

1. d4 Nf6 2. c4 c5 3. d5 e6 4. Nc3 exd5 5. cxd5 d6 6. Nf3 g6 7. g3 Bg7 8. Bg2
O-O 9. O-O Re8 10. a4 a6 11. Bf4 Nh5 12. Bg5 Bf6 13. Bc1 Bg7 14. Bg5 Bf6 15.
Bc1 Bg7 16. Bg5 Bf6 1/2-1/2

[Event "International Tournament "]
[Site "Paracin, Pool "]
[Date "2019.07.09"]
[Round "5.54"]
[White "Soysal, Serkan"]
[Black "Jijo, Joy"]
[Result "1-0"]
[WhiteElo "2431"]
[BlackElo "2053"]
[PlyCount "59"]
[EventDate "2019.07.05"]

1. c4 d5 2. cxd5 Qxd5 3. Nc3 Qd8 4. Nf3 c5 5. d4 cxd4 6. Qxd4 Qxd4 7. Nxd4 Nf6
8. Ndb5 Na6 9. Bf4 g6 10. g3 Bg7 11. Bg2 O-O 12. O-O Ng4 13. Rad1 Nb4 14. h3
Ne5 15. a3 Nbc6 16. Nd5 Be6 17. e4 Rac8 18. Bg5 a6 19. Nbc7 Rxc7 20. Nxc7 Bc4
21. Nd5 Bxf1 22. Kxf1 Re8 23. b3 h6 24. Be3 e6 25. Nb6 f5 26. f4 Nf7 27. Rd7
Re7 28. exf5 exf5 29. Bxc6 Rxe3 30. Bd5 1-0

[Event "International Tournament "]
[Site "Paracin, Pool "]
[Date "2019.07.09"]
[Round "5.55"]
[White "Wadsworth, Matthew J"]
[Black "Harshini, A."]
[Result "1/2-1/2"]
[WhiteElo "2418"]
[BlackElo "2018"]
[PlyCount "108"]
[EventDate "2019.07.05"]

1. Nf3 d5 2. g3 Nf6 3. Bg2 c5 4. O-O Bf5 5. c4 Nc6 6. cxd5 Nxd5 7. Nc3 Nxc3 8.
bxc3 e5 9. Qb3 Qc7 10. d3 Be7 11. Rb1 Rb8 12. Bg5 O-O 13. Bxe7 Qxe7 14. Nd2 Na5
15. Qa3 b6 16. c4 Rfd8 17. Ne4 Nc6 18. Rb2 Qd7 19. Qa4 Rbc8 20. Rfb1 h6 21. Nc3
Bh3 22. Bh1 g6 23. Nd5 Kg7 24. Qa3 Ne7 25. Qc3 Qd6 26. Nxe7 Qxe7 27. a4 Rc7 28.
a5 bxa5 29. Qxa5 h5 30. Bd5 Rdd7 31. f3 Be6 32. Bxe6 Qxe6 33. Rb5 Qd6 34. Qc3
Qd4+ 35. Qxd4 exd4 36. Ra5 Re7 37. Kf2 Rc6 38. Rba1 Rcc7 39. R1a2 Kf6 40. Ra6+
Kg7 41. f4 Kh7 42. R2a5 Kg7 43. Rb5 Rc8 44. Raa5 Rce8 45. Rb2 Rc7 46. Ra6 Re3
47. h4 Re8 48. Rba2 Ree7 49. Rd6 Re8 50. Rd5 Re3 51. f5 f6 52. fxg6 Kxg6 53.
Rd8 Re5 54. Rg8+ Kf5 1/2-1/2

[Event "International Tournament "]
[Site "Paracin, Pool "]
[Date "2019.07.09"]
[Round "5.56"]
[White "Mehmed, Elif"]
[Black "Injac, Teodora"]
[Result "1/2-1/2"]
[WhiteElo "2164"]
[BlackElo "2305"]
[PlyCount "98"]
[EventDate "2019.07.05"]

1. e4 c5 2. Nf3 d6 3. d4 cxd4 4. Nxd4 Nf6 5. Nc3 a6 6. Be2 e5 7. Nb3 Be7 8. Bf3
Be6 9. O-O O-O 10. a4 Nbd7 11. a5 Qc7 12. Be3 b5 13. axb6 Nxb6 14. Na5 Nc4 15.
Nxc4 Bxc4 16. Re1 Rab8 17. Na4 Rfd8 18. b3 d5 19. exd5 Bxd5 20. Bxd5 Nxd5 21.
Qe2 Nxe3 22. fxe3 e4 23. Rad1 Rdc8 24. Qxa6 Qxc2 25. Nb6 Rd8 26. Nd5 Bh4 27.
Rf1 Qxb3 28. Qa7 Rb7 29. Qd4 Rbd7 30. Qxe4 Rxd5 31. Rxd5 Qxd5 32. Qxh4 Re8 33.
Qf4 f6 34. Rb1 Qe5 35. Qxe5 Rxe5 36. Kf2 Kf7 37. Kf3 g5 38. Rb7+ Kg6 39. Rb6 h5
40. h3 Rf5+ 41. Ke2 h4 42. Ra6 Rb5 43. Kf3 Kf5 44. Ra4 Rb6 45. g3 hxg3 46. Kxg3
Re6 47. Kf3 Re7 48. h4 gxh4 49. Rxh4 Ra7 1/2-1/2

[Event "International Tournament "]
[Site "Paracin, Pool "]
[Date "2019.07.09"]
[Round "5.57"]
[White "Janjic, Stefan"]
[Black "Wong, Jianwen"]
[Result "1/2-1/2"]
[WhiteElo "2164"]
[BlackElo "2301"]
[PlyCount "45"]
[EventDate "2019.07.05"]

1. d4 Nf6 2. Nf3 e6 3. c4 d5 4. Nc3 Bb4 5. Bg5 h6 6. Bxf6 Qxf6 7. Qb3 c5 8. e3
cxd4 9. Nxd4 Nc6 10. cxd5 exd5 11. Bb5 Bd7 12. O-O Bxc3 13. Qxc3 O-O 14. Nxc6
bxc6 15. Qxf6 gxf6 16. Ba4 Rab8 17. b3 Rfc8 18. Rac1 Kf8 19. Rfe1 Ke7 20. Rc5
Kd6 21. Rec1 Rb6 22. f3 Bf5 23. e4 1/2-1/2